Beşiktaş Futbolcuları - Armageddon - Statistics

General Stats
  • This quiz has been taken 840 times
    703 since last reset
  • The average score is 14 of 50
Answers on the Grid
Answers color-coded by a green-red scale on the quiz's grid according to % correct below.
Sergen Yalçın
Daniel Amokachi
John Carew
Rigobert Song
Nihat Kahveci
Kerim Frei
Simão Sabrosa
Tomáš Sivok
Yuto Nagatomo
Gökdeniz Karadeniz
Samet Aybaba
Veli Kavlak
Duško Tošić
Junichi Inamoto
Domagoj Vida
John Moshoeu
Zdravko Lazarov
Miško Mirković
Atiba Hutchinson
İlhan Mansız
Deco
Oğuzhan Özyakup
Jeremain Lens
Oktay Derelioğlu
Stephen Appiah
Gary Medel
Mehmet Batdal
Umut Bulut
Kostas Mitroğlu
Necip Uysal
Rachid Ghezzal
Yıldıray Baştürk
Álvaro Negredo
Rıdvan Yılmaz
Guti
Mehmet Topuz
Burak Yılmaz
Theofanis Gekas
Colin Kâzım-Richards
Ekrem Dağ
Ricardo Carvalho
Petr Čech
Sabri Dino
Roberto Ayala
İbrahim Toraman
Fernando Hierro
Ivan Rakitić
Bobô
Didier Zokora
Florent Malouda
Ricardo Quaresma
Gökhan Töre
Bruno Alves
Mesut Özil
Hugo Almeida
Necati Ateş
Papiss Cissé
Tolga Zengin
Nicolas Anelka
Tammy Abraham
Ozan Tufan
Mario Balotelli
Salih Uçan
Elvir Bolić
Servet Çetin
Pascal Nouma
Şota Arveladze
Ahmet Dursun
Mateja Kežman
Alpay Özalan
Djibril Cissé
Ariel Ortega
Fernando Torres
Cenk Tosun
Filip Hološko
Shabani Nonda
Arif Erdem
Rodrigo Tello
Vincent Aboubakar
Ryan Babel
Ümit Davala
Tayfur Havutçu
Şenol Güneş
Abdullah Avcı
Ciro Immobile
Darijo Srna
Víctor Valdés
Diego Godín
Mert Nobre
Rıza Çalımbay
Suat Kaya
Tümer Metin
Ümit Özat
Aykut Kocaman
Feyyaz Uçar
Rüştü Reçber
Emre Belözoğlu
Gökhan Gönül
Ertuğrul Sağlam
 
Answer Stats
Answer % Correct
Sergen Yalçın
68%
Nihat Kahveci
53%
Daniel Amokachi
49%
Domagoj Vida
38%
Kerim Frei
37%
Duško Tošić
36%
Atiba Hutchinson
35%
Necip Uysal
34%
Oğuzhan Özyakup
34%
Rachid Ghezzal
34%
Tomáš Sivok
34%
Simão Sabrosa
33%
Guti
32%
İlhan Mansız
32%
Jeremain Lens
32%
Rıdvan Yılmaz
32%
Burak Yılmaz
31%
Samet Aybaba
31%
Veli Kavlak
31%
Álvaro Negredo
30%
Gary Medel
29%
Cenk Tosun
28%
Ciro Immobile
28%
Gökhan Töre
28%
Ricardo Quaresma
28%
Hugo Almeida
27%
John Carew
27%
Tammy Abraham
27%
Salih Uçan
26%
Pascal Nouma
25%
Rüştü Reçber
24%
Ryan Babel
24%
Tolga Zengin
24%
Vincent Aboubakar
24%
Bobô
23%
Feyyaz Uçar
23%
Gökhan Gönül
23%
Rıza Çalımbay
22%
Ahmet Dursun
21%
Filip Hološko
21%
İbrahim Toraman
21%
Tümer Metin
21%
Mert Nobre
20%
Ekrem Dağ
18%
Oktay Derelioğlu
18%
Rodrigo Tello
18%
Tayfur Havutçu
18%
Ertuğrul Sağlam
15%
Alpay Özalan
8%
Sabri Dino
6%
No matching quizzes found
Score Distribution
Percent of People with Each Score
Percentile by Number Answered
Your Score History
You have not taken this quiz since the last reset